00361nam a2200133Ia 4500008004000000082001600040100002300056245003000079250000500109260006200114300001200176650001700188700002200205210210b1980 xxu||||| |||| 00| 0 eng d a591.33 PATF aPATTEN (Bradley M) aFoundations of embryology a aNew DelhibTata McGraw-Hill Publishing Company Ltd.c1980 axix,650 aEmbryology  aCarlson (Bruce M)